00927nac a22002537a 4500001001000000003000900010005001700019008003400036040005400070072000800124100002500132100001900157110008200176245013800258260003800396300000900434490012600443650002000569650001400589650001300603650002800616650002000644650000900664BR8202687BR-BrBNA20240105115320.0230509b bl.|||m| |||| 00| 0 por d aBR-BrBNAbporcBiblioteca Nacional de Agricultura aF301 aMesquita, J.E. de L.1 aCunha, E.T. da1 aUnidade de Execucao de Pesquisa de Ambito Estadual de Rio Branco, AC (Brasil)1 aIntroducao e avaliacao de cultivares e linhagens de caupi (Vigna unguiculata (L.)Walp)no municipio de Cruzeiro do Sul - Acre [Brasil]3 aRio Branco, AC (Brasil): c1982.  a2 p. aPesquisa em Andamento - Unidade de Execucao de Pesquisa de Ambito Estadual de Rio Branco (Brazil)vno. 26xISSN 0101-6075 aFEIJAO DE CORDA aVARIEDADE aLINHAGEM aCOMPETICAO DE VARIEDADE aCRUZEIRO DO SUL aACRE